Artists by Second Most Streamed Song on Spotify - Statistics

General Stats
  • This quiz has been taken 20 times
  • The average score is 11 of 15
Answer Stats
Song Artist % Correct
Watermelon Sugar Harry Styles
100%
Blank Space Taylor Swift
95%
Locked Out of Heaven Bruno Mars
90%
Levitating Dua Lipa
85%
Starboy The Weeknd
85%
Perfect Ed Sheeran
80%
Sorry Justin Bieber
80%
BIRDS OF A FEATHER Billie Eilish
75%
Demons Imagine Dragons
75%
Numb Linkin Park
75%
rockstar Post Malone
55%
Treat You Better Shawn Mendes
55%
Memories Maroon 5
50%
Too Sweet Hozier
45%
In The Stars Benson Boone
20%
No matching quizzes found
Score Distribution
Percent of People with Each Score
Percentile by Number Answered
Your Score History
You have not taken this quiz